MARC

Tag First Indicator Second Indicator Subfields
LEADER 00000cam a2200000 i 4500
001 in00005761925
005 20260327152023.3
006 m o d
007 cr |||||||||||
008 170427s2017 ne ob 001 0 eng d
040 |a NLE  |b eng  |e rda  |e pn  |c NLE  |d OCLCF  |d OCLCQ  |d YDX  |d N$T  |d IDEBK  |d EBLCP  |d OPELS  |d MERER  |d OTZ  |d CASUM  |d IAY  |d D6H  |d DKU  |d OCLCO  |d U3W  |d OCLCO  |d OCLCQ  |d AU@  |d OCLCO  |d OCLCQ  |d UKMGB  |d OCLCQ  |d OCLCO  |d S2H  |d OCLCO  |d LVT  |d OCLCO  |d OCLCQ  |d SFB  |d OCLCO  |d OCLCL  |d OCLCQ  |d VU@  |d OCLCL  |d OCLCQ 
015 |a GBB778004  |2 bnb 
016 7 |a 018333031  |2 Uk 
019 |a 988286882  |a 1004972019  |a 1229547857 
020 |a 9780128037928  |q (ePub ebook) 
020 |a 012803792X  |q (ePub ebook) 
020 |z 9780128037508  |q (hbk.) 
020 |z 0128037504 
024 8 |a 99975047588 
035 |a (OCoLC)989821174  |z (OCoLC)988286882  |z (OCoLC)1004972019  |z (OCoLC)1229547857 
037 |a 9780128037928  |b Ingram Content Group 
050 4 |a QP801.C68 
060 4 |a QV 113 
072 7 |a HEA  |x 039000  |2 bisacsh 
072 7 |a MED  |x 014000  |2 bisacsh 
072 7 |a MED  |x 022000  |2 bisacsh 
072 7 |a MED  |x 112000  |2 bisacsh 
072 7 |a MED  |x 045000  |2 bisacsh 
082 0 4 |a 616.8647  |2 23 
049 |a TXAM 
245 0 4 |a The neuroscience of cocaine :  |b mechanisms and treatment /  |c edited by Victor R. Preedy. 
264 1 |a Amsterdam :  |b Academic Press,  |c 2017. 
300 |a 1 online resource 
336 |a text  |b txt  |2 rdacontent 
337 |a computer  |b c  |2 rdamedia 
338 |a online resource  |b cr  |2 rdacarrier 
505 0 0 |g Part 1.  |t General aspects, features of ill health and setting the scene --  |g Part 2.  |t Molecular effects --  |g Part 3.  |t Cellular effects --  |g Part 4.  |g Regional, structural, and imaging aspects --  |g Part 5.  |t Behavioral aspects --  |g Part 6.  |t Receptors, transporters, and neuropharmacology --  |g Part 7.  |t Withdrawals and abstinence --  |g Part 8.  |t Poly-drug use and comorbidities --  |g Part 9.  |t Assessment and treatment aspects --  |g Part 10.  |g Resources. 
588 0 |a CIP data; item not viewed. 
504 |a Includes bibliographical references and index. 
650 0 |a Cocaine abuse. 
650 0 |a Cocaine  |x Physiological effect. 
650 0 |a Cocaine  |x Psychological aspects. 
650 0 |a Neurosciences. 
650 2 |a Cocaine  |x pharmacology 
650 2 2 |a Cocaine-Related Disorders 
650 2 2 |a Neuropharmacology  |x methods 
650 2 |a Neurosciences 
650 6 |a Cocaïnomanie. 
650 6 |a Cocaïne  |x Effets physiologiques. 
650 6 |a Neurosciences. 
650 7 |a HEALTH & FITNESS  |x Diseases  |x General.  |2 bisacsh 
650 7 |a MEDICAL  |x Clinical Medicine.  |2 bisacsh 
650 7 |a MEDICAL  |x Diseases.  |2 bisacsh 
650 7 |a MEDICAL  |x Evidence-Based Medicine.  |2 bisacsh 
650 7 |a MEDICAL  |x Internal Medicine.  |2 bisacsh 
650 7 |a Cocaine abuse  |2 fast 
650 7 |a Cocaine  |x Physiological effect  |2 fast 
650 7 |a Cocaine  |x Psychological aspects  |2 fast 
650 7 |a Neurosciences  |2 fast 
655 7 |a Electronic books.  |2 local 
655 4 |a Internet Resources. 
700 1 |a Preedy, Victor R.,  |e editor. 
710 2 |a ScienceDirect (Online service) 
758 |i has work:  |a Neuroscience of cocaine (Text)  |1 https://id.oclc.org/worldcat/entity/E39PCFDhY8vPpdK7QGkBHMBWym  |4 https://id.oclc.org/worldcat/ontology/hasWork 
776 0 8 |i Print version :  |z 9780128037508 
856 4 0 |u http://proxy.library.tamu.edu/login?url=https://www.sciencedirect.com/science/book/9780128037508  |z Connect to the full text of this electronic book  |t 0 
936 |a BATCHLOAD 
955 |a Elsevier ScienceDirect 2026-2027 
994 |a 92  |b TXA 
999 f f |i d1c167e6-470c-479b-98ec-f328cd7105cf  |s 6e6acaa1-1396-498f-838e-9d62efc6ccc9  |t 0 
952 f f |a Texas A&M University  |b College Station  |c Electronic Resources  |s www_evans  |d Available Online  |t 0  |e QP801.C68   |h Library of Congress classification 
998 f f |a QP801.C68   |t 0  |l Available Online